Noms de mers sans voyelles - Statistiques

Statistiques générales
  • Ce quiz a été pris 143 fois
  • Le résultat moyen est 14 sur 20
Statistiques - réponses
Hint Réponse % Correct
d Nrd du Nord
97%
Bltq Baltique
95%
d Jpn du Japon
95%
Nr Noire
94%
ds Phlppns des Philippines
92%
Rg Rouge
92%
Cspnn Caspienne
91%
ds Crbs des Caraïbes
85%
d Grnlnd du Groenland
85%
Mnch Manche
78%
drtq Adriatique
75%
d Chn Mrdnl de Chine Méridionale
65%
d' rb d'Arabie
64%
d Tsms de Tasman
62%
g Égée
60%
d'zv d'Azov
58%
Ds Srgsss Des Sargasses
49%
Trrhnnn Tyrrhénienne
45%
d Crl de Corail
36%
d' khtsk d' Okhotsk
17%
Aucun quiz correspondant
Distribution des résultats
% des personnes avec chaque résultat
Percentile par nombre de réponses
Votre historique - résultats
Vous n’avez pas pris ce quiz